La Formación de los jóvenes y las juveniles para otro mundo posible /
Guardat en:
| Autor principal: | |
|---|---|
| Format: | Text |
| Matèries: | |
| Etiquetes: |
Afegir etiqueta
Sense etiquetes, Sigues el primer a etiquetar aquest registre!
|
MARC
| LEADER | 00000 a a2200000 04500 | ||
|---|---|---|---|
| 001 | 740 | ||
| 003 | |||
| 040 | |||
| 100 | |a Fermín, Julio | ||
| 245 | |a La Formación de los jóvenes y las juveniles para otro mundo posible / |c Julio Fermín | ||
| 650 | |a JUVENTUD | ||
| 650 | |a ORGANIZACIONES JUVENILES | ||
| 650 | |a GLOBALIZACION | ||
| 650 | |a MOVIMIENTOS SOCIALES | ||
| 650 | |a MEDIOS DE COMUNICACION | ||
| 773 | |g volumen 26, número 352; páginas 16-18 | ||
| 999 | |c 30082 |d 30082 | ||
